[Event "ICS rated blitz match"]
[Site "204.178.125.65"]
[Date "1999.12.18"]
[Round "?"]
[White "PostModernist"]
[Black "Hossa"]
[Result "0-1"]
[WhiteElo "2646"]
[BlackElo "2511"]
[PlyCount "110"]

1. c4 e5 2. Nc3 d6 3. Nf3 Nf6 4. d4 exd4 5. Nxd4 Nbd7 6. g3 Be7 7. Bg2 O-O 8.
O-O Re8 9. b3 Ne5 10. Be3 c6 11. Qc2 Bd7 12. Rfd1 Qc8 13. Ne4 Bh3 14. Bxh3 Qxh3
15. Ng5 Qh5 16. h4 h6 17. Nh3 Neg4 18. Bc1 Qe5 19. Bf4 Qc5 20. a4 Bf8 21. f3
Ne3 22. Bxe3 Rxe3 23. Nf4 Rae8 24. b4 Qxb4 25. Rab1 Qc5 26. Rxb7 a5 27. Kh1 Qa3
28. Nb3 d5 29. Ra1 Qd6 30. Rb1 g5 31. hxg5 hxg5 32. c5 Qd8 33. Ng2 Rxe2 34. Qf5
R8e5 35. Qh3 d4 36. g4 Rf2 37. Rd1 Ree2 38. Rxd4 Qa8 39. Rb6 Rxg2 40. Qxg2 Rxg2
41. Kxg2 Be7 42. Rd1 Kg7 43. Rd2 Nd5 44. Rxd5 cxd5 45. Rb5 Bd8 46. Kf2 Kf6 47.
Ke3 Bc7 48. Kd4 Qc6 49. Kd3 Qe8 50. Nxa5 Qa8 51. c6 Bxa5 52. Rxd5 Qa6+ 53. Rb5
Bc7 54. Ke2 Qxc6 55. Rf5+ Kg6 0-1

[Event "ICS Rated blitz match"]
[Site "204.178.125.65"]
[Date "1999.12.18"]
[Round "?"]
[White "Hossa"]
[Black "Amateur"]
[Result "1/2-1/2"]
[WhiteElo "2533"]
[BlackElo "2481"]
[PlyCount "329"]

1. e4 c5 2. Nf3 Nc6 3. Nc3 g6 4. d4 cxd4 5. Nxd4 Bg7 6. Be3 d6 7. Bb5 Bd7 8.
O-O Nf6 9. Be2 O-O 10. Qd2 Qa5 11. Nb3 Qe5 12. Bf4 Qe6 13. f3 Nh5 14. Bh6 Qe5
15. Bxg7 Nxg7 16. Bb5 a6 17. Bxc6 Bxc6 18. Rad1 Rac8 19. Qe3 Ne6 20. f4 Qh5 21.
f5 Qg5 22. Qf2 Ng7 23. f6 Nh5 24. fxe7 Qxe7 25. Rde1 Qe5 26. Nd4 Bd7 27. Nd5
Rce8 28. c4 Qg7 29. b4 Bg4 30. a3 Bd7 31. Nb6 Be6 32. a4 Bg4 33. h3 Bc8 34. Nd5
Be6 35. Kh1 Bxd5 36. exd5 Rxe1 37. Rxe1 Qf6 38. Qxf6 Nxf6 39. Nb3 b5 40. axb5
axb5 41. Nd2 Rc8 42. cxb5 Nxd5 43. Ne4 Rd8 44. g4 f5 45. gxf5 gxf5 46. Rg1+ Kh8
47. Ng5 Rd7 48. Rf1 f4 49. Ne6 Rf7 50. Rc1 h6 51. Rc8+ Kh7 52. Rd8 f3 53. Nf8+
Kg7 54. Ne6+ Kf6 55. Re8 Ra7 56. Kh2 Kf7 57. b6 Nxb6 58. Rb8 Kxe6 59. Rxb6 Rg7
60. Rb8 Rg2+ 61. Kh1 Rg3 62. Kh2 Rg5 63. Re8+ Kf7 64. Re3 Rf5 65. Kg1 Rf4 66.
Rb3 f2+ 67. Kf1 Ke6 68. b5 Kd7 69. h4 Kc7 70. Rc3+ Kb6 71. Rc6+ Kxb5 72. Rxd6
Rxh4 73. Kxf2 Rh3 74. Rd5+ Kc4 75. Kg2 Ra3 76. Rh5 Ra6 77. Rh4+ Kd3 78. Rh3+
Ke4 79. Kh1 Kf4 80. Rd3 h5 81. Rd4+ Kf3 82. Rd3+ Kg4 83. Rd4+ Kg3 84. Rd3+ Kf2
85. Rd2+ Ke3 86. Rg2 Ra4 87. Rg3+ Kf2 88. Rg2+ Kf3 89. Rc2 h4 90. Rc3+ Kg4 91.
Kh2 Ra2+ 92. Kh1 Re2 93. Rc4+ Kg3 94. Rc3+ Kf4 95. Rd3 Re4 96. Rh3 Kg4 97. Rd3
Re1+ 98. Kh2 Re2+ 99. Kh1 Ra2 100. Rd4+ Kf3 101. Rd3+ Kf4 102. Rh3 Kg4 103. Rc3
h3 104. Rc4+ Kf5 105. Rc5+ Kg4 106. Rc4+ Kg5 107. Rc5+ Kf4 108. Rc4+ Kg3 109.
Rc3+ Kh4 110. Rc4+ Kh5 111. Rc5+ Kh4 112. Rc4+ Kg3 113. Rc3+ Kf4 114. Rxh3 Rc2
115. Kg1 Re2 116. Kh1 Ke4 117. Kg1 Ra2 118. Kf1 Rd2 119. Kg1 Rb2 120. Kh1 Rf2
121. Kg1 Rd2 122. Kh1 Rc2 123. Rg3 Rd2 124. Kg1 Ra2 125. Kh1 Rf2 126. Kg1 Rc2
127. Kh1 Ra2 128. Rg1 Rf2 129. Re1+ Kd5 130. Kg1 Rc2 131. Kh1 Rb2 132. Rf1 Rc2
133. Kg1 Ke5 134. Re1+ Kd4 135. Kh1 Rf2 136. Kg1 Rd2 137. Kf1 Kd3 138. Kg1 Rc2
139. Kf1 Rh2 140. Kg1 Ra2 141. Kh1 Rf2 142. Kg1 Rb2 143. Kh1 Rc2 144. Kg1 Rd2
145. Kh1 Kd4 146. Rf1 Re2 147. Kg1 Ke3 148. Kh1 Ke4 149. Kg1 Ra2 150. Re1+ Kf3
151. Kh1 Rc2 152. Kg1 Rg2+ 153. Kh1 Rb2 154. Kg1 Rc2 155. Kf1 Rf2+ 156. Kg1 Rd2
157. Kf1 Rh2 158. Kg1 Rb2 159. Kf1 Rb8 160. Kg1 Rg8+ 161. Kf1 Ra8 162. Kg1 Rg8+
163. Kf1 Rh8 164. Kg1 Rg8+ 165. Kf1 1/2-1/2

[Event "ICS rated blitz match"]
[Site "204.178.125.65"]
[Date "1999.12.18"]
[Round "?"]
[White "RebelTiger"]
[Black "Hossa"]
[Result "1-0"]
[WhiteElo "2773"]
[BlackElo "2531"]
[PlyCount "83"]

1. d4 Nf6 2. c4 e6 3. Nf3 d5 4. Bg5 dxc4 5. Nc3 Bd7 6. e3 b5 7. Ne5 a6 8. Qf3
Ra7 9. a4 c6 10. Ng4 Be7 11. Nxf6+ gxf6 12. Bf4 f5 13. h3 h5 14. Be2 a5 15. Be5
f6 16. Bh2 h4 17. O-O Na6 18. Rfd1 Nb4 19. axb5 cxb5 20. b3 Qc8 21. bxc4 bxc4
22. Rdb1 Bc6 23. Qf4 Rd7 24. Rxa5 Bd8 25. Rc5 Bc7 26. Qxc7 Rxc7 27. Bxc7 Rh7
28. Rxb4 Rxc7 29. Rbxc4 Kf8 30. d5 f4 31. d6 Ra7 32. Rxc6 Qd7 33. Rc8+ Kf7 34.
R8c7 Ra1+ 35. Kh2 Ke8 36. Ne4 Kd8 37. Rxd7+ Kxd7 38. Rc7+ Kd8 39. Nc5 Rh1+ 40.
Kxh1 Ke8 41. Nxe6 fxe3 42. Bb5# 1-0

[Event "ICS rated blitz match"]
[Site "204.178.125.65"]
[Date "1999.12.18"]
[Round "?"]
[White "Hossa"]
[Black "RebelTiger"]
[Result "0-1"]
[WhiteElo "2525"]
[BlackElo "2779"]
[PlyCount "64"]

1. d4 Nf6 2. c4 g6 3. Nc3 d5 4. Bf4 Bg7 5. e3 c5 6. dxc5 Qa5 7. Qa4+ Qxa4 8.
Nxa4 Bd7 9. Nc3 Ne4 10. Nxd5 Na6 11. f3 Nexc5 12. O-O-O e6 13. Nc7+ Nxc7 14.
Bxc7 Rc8 15. Bd6 b5 16. Bxc5 Rxc5 17. b4 Rc7 18. c5 a5 19. bxa5 Ke7 20. Kc2
Rxc5+ 21. Kb3 Rc3+ 22. Kb4 Rhc8 23. Bxb5 Bxb5 24. Kxb5 Rxe3 25. h4 Ra3 26. h5
Rb8+ 27. Ka6 Bc3 28. Ka7 Rb5 29. a6 Be5 30. Rd6 Bxd6 31. hxg6 Bc5+ 32. Ka8
Rxa6# 0-1

[Event "ICS rated blitz match"]
[Site "204.178.125.65"]
[Date "1999.12.18"]
[Round "?"]
[White "RebelTiger"]
[Black "Hossa"]
[Result "1-0"]
[WhiteElo "2785"]
[BlackElo "2519"]
[PlyCount "99"]

1. e4 e5 2. Nc3 Nf6 3. f4 d5 4. fxe5 Nxe4 5. Nf3 Bg4 6. Qe2 Nxc3 7. dxc3 Nc6 8.
Bf4 Qe7 9. O-O-O g5 10. Qb5 Qe6 11. Bxg5 Bh6 12. h4 Bxg5+ 13. Nxg5 Qxe5 14.
Qxb7 O-O 15. Qxc6 Qe3+ 16. Kb1 Bxd1 17. Bd3 Be2 18. Bxe2 Qb6 19. Qxd5 Rab8 20.
b3 Rbd8 21. Qf5 Qg6 22. Bd3 Rd6 23. Qf1 f5 24. g4 fxg4 25. Qxf8+ Kxf8 26. Bxg6
Rxg6 27. Nxh7+ Kg7 28. Ng5 Kh6 29. Ne4 Re6 30. Ng3 Rf6 31. Rd1 Rf3 32. Rd3 Rxd3
33. cxd3 Kg6 34. Kc1 a5 35. a4 Kf6 36. b4 axb4 37. a5 Ke5 38. a6 Kf4 39. Ne2+
Ke3 40. a7 Kxe2 41. a8=Q Kxd3 42. h5 c6 43. Qxc6 Ke3 44. h6 b3 45. h7 Kf2 46.
h8=Q b2+ 47. Kb1 Kg3 48. Qe5+ Kf2 49. Qh1 g3 50. Qee1# 1-0

[Event "ICS rated blitz match"]
[Site "204.178.125.65"]
[Date "1999.12.18"]
[Round "?"]
[White "Hossa"]
[Black "RebelTiger"]
[Result "0-1"]
[WhiteElo "2513"]
[BlackElo "2791"]
[PlyCount "154"]

1. e4 e5 2. Nc3 Nf6 3. f4 d5 4. fxe5 Nxe4 5. Nf3 Be7 6. Be2 Bh4+ 7. g3 Be7 8.
Nb1 d4 9. d3 Ng5 10. O-O Nc6 11. Nbd2 O-O 12. Nxg5 Bxg5 13. Nc4 Bh3 14. Re1
Bxc1 15. Rxc1 Qd5 16. Bf3 Qc5 17. Qd2 Rad8 18. Qf4 Rfe8 19. a4 Be6 20. Na3 Bd5
21. Bxd5 Rxd5 22. e6 fxe6 23. Qxc7 Re7 24. Qf4 Rf7 25. Qe4 Re5 26. Qg2 Qb4 27.
Rf1 Ref5 28. Rxf5 Rxf5 29. Qe2 Re5 30. Qd1 Qxa4 31. Nc4 Rf5 32. Ra1 Qb4 33. Qe2
Qe7 34. Re1 Rf6 35. Rf1 Rxf1+ 36. Qxf1 b5 37. Qf3 Qc5 38. Na3 a6 39. g4 Nb4 40.
Qa8+ Kf7 41. Qf3+ Ke7 42. Qa8 h6 43. Qb7+ Kf6 44. Qf3+ Kg5 45. Qf7 Kxg4 46.
Qxe6+ Kg5 47. Qe4 g6 48. Qe2 Kf6 49. Qf2+ Kg7 50. Qf4 a5 51. Qg4 Nxd3 52. Qd7+
Kf6 53. cxd3 Qc1+ 54. Kg2 Qxb2+ 55. Kf3 Qxa3 56. Qxd4+ Ke6 57. Qe4+ Kd6 58.
Qxg6+ Kc5 59. Qf5+ Kb4 60. Qf8+ Ka4 61. Qf4+ b4 62. Qd2 b3 63. Qxh6 Qb4 64. Qc1
b2 65. Qb1 Qc3 66. Qd1+ Ka3 67. h4 Qc1 68. Qe2 b1=Q 69. Qe7+ Qb4 70. Qxb4+ axb4
71. Kg3 b3 72. Kg4 b2 73. Kf5 b1=Q 74. Ke5 Qe3+ 75. Kf6 Qbb6+ 76. Kg7 Qbh6+ 77.
Kf7 Qee6# 0-1

[Event "ICS rated blitz match"]
[Site "204.178.125.65"]
[Date "1999.12.18"]
[Round "?"]
[White "RebelTiger"]
[Black "Hossa"]
[Result "1-0"]
[WhiteElo "2796"]
[BlackElo "2508"]
[PlyCount "62"]

1. d4 Nf6 2. c4 e6 3. Nf3 d5 4. Nc3 Be7 5. Bg5 h6 6. Bh4 O-O 7. e3 b6 8. Bd3 c5
9. dxc5 bxc5 10. cxd5 exd5 11. Bxf6 Bxf6 12. Nxd5 Bxb2 13. Rb1 Ba3 14. O-O Be6
15. Nf4 Bd7 16. Ne5 Qe8 17. Nxd7 Nxd7 18. Bb5 Rb8 19. Qxd7 Qxd7 20. Bxd7 Rfd8
21. Bb5 g5 22. Nh5 Rd2 23. Bc4 Rb6 24. Rbd1 Rbb2 25. Nf6+ Kf8 26. Ne4 Rxd1 27.
Rxd1 Rc2 28. Bb3 Rb2 29. Nd6 Bb4 30. Nc4 Rxb3 31. axb3 Ke7 1-0

[Event "ICS rated blitz match"]
[Site "204.178.125.65"]
[Date "1999.12.18"]
[Round "?"]
[White "Hossa"]
[Black "RebelTiger"]
[Result "0-1"]
[WhiteElo "2503"]
[BlackElo "2801"]
[PlyCount "126"]

1. e4 e5 2. Nf3 Nc6 3. Bb5 a6 4. Ba4 Nf6 5. O-O Be7 6. Re1 b5 7. Bb3 d6 8. c3
O-O 9. h3 Na5 10. Bc2 c5 11. d4 Qc7 12. Nbd2 cxd4 13. cxd4 Bb7 14. Nf1 Rac8 15.
Bb1 Rfe8 16. Ng3 exd4 17. Bf4 Nc6 18. Nxd4 Nxd4 19. Qxd4 Qc4 20. Qa7 Qb4 21.
Re2 Rc7 22. Nf5 Nd5 23. exd5 Qxf4 24. Bc2 Qg5 25. Qd4 Kf8 26. h4 Qf6 27. Qxf6
Bxf6 28. Rxe8+ Kxe8 29. Nxd6+ Kd7 30. Nxb7 Rxc2 31. a4 Kc7 32. Na5 Bxh4 33. g3
Bf6 34. axb5 axb5 35. Nc6 Rxb2 36. Rd1 b4 37. Kg2 Kd6 38. Kf3 b3 39. Nb4 Bc3
40. Nd3 Rc2 41. Ke4 b2 42. Rb1 f5+ 43. Kxf5 Kxd5 44. Rh1 Rd2 45. Nf4+ Kc4 46.
Ke6 Rxf2 47. Ke7 Rc2 48. Rb1 Rc1 49. Rxb2 Bxb2 50. Kf7 Rf1 51. Ke6 g5 52. Nh5
g4 53. Kd7 Rf5 54. Ke7 Rxh5 55. Ke6 Be5 56. Kf7 Bxg3 57. Kf6 Bh4+ 58. Ke6 g3
59. Kd6 g2 60. Kc6 g1=Q 61. Kb7 Qg7+ 62. Kc8 Rf5 63. Kb8 Rf8# 0-1

[Event "ICS rated blitz match"]
[Site "204.178.125.65"]
[Date "1999.12.18"]
[Round "?"]
[White "RebelTiger"]
[Black "Hossa"]
[Result "1-0"]
[WhiteElo "2806"]
[BlackElo "2498"]
[PlyCount "163"]

1. e4 e5 2. Nf3 Nc6 3. Bb5 a6 4. Ba4 Nf6 5. O-O Be7 6. Re1 b5 7. Bb3 d6 8. c3
O-O 9. h3 Na5 10. Bc2 c5 11. d4 Qc7 12. Nbd2 cxd4 13. cxd4 Nc6 14. d5 Nb4 15.
Bb1 a5 16. Nf1 Bd7 17. Bd2 Rfc8 18. Ne3 Na6 19. a3 Nc5 20. Nf1 Ra7 21. Re3 Qb6
22. b4 axb4 23. Bxb4 Na6 24. Bc3 Rac7 25. Qe1 Qa7 26. Ng3 Nb8 27. Ba2 Bf8 28.
Ba5 Rc2 29. Bb3 R2c5 30. Bb4 R5c7 31. Ng5 Qa6 32. Ne6 fxe6 33. dxe6 Kh8 34.
exd7 Nbxd7 35. a4 Nc5 36. axb5 Qxb5 37. Ra5 Qb8 38. Bxc5 Rxc5 39. Rxc5 dxc5 40.
Qc1 Rd8 41. Bc4 Rd4 42. Ne2 Rxe4 43. Rc3 Qb4 44. g3 Qb7 45. Kh2 Qc6 46. Ra3 h5
47. f3 Rd4 48. Nxd4 cxd4 49. Rb3 Bd6 50. Qc2 h4 51. gxh4 e4+ 52. Kg2 Nd5 53.
fxe4 Ne3+ 54. Rxe3 dxe3 55. Qd3 Bc7 56. Qd5 Qxd5 57. exd5 Kh7 58. Kf3 Bb6 59.
d6 Kg6 60. Bb5 Kf5 61. d7 Ke5 62. h5 Kd4 63. Bf1 Kc3 64. Ke4 Kd2 65. Kf5 e2 66.
Bxe2 Kxe2 67. Kg6 Kf3 68. Kxg7 Ke4 69. Kf6 Kd5 70. Ke7 Bc5+ 71. Ke8 Bb6 72. h6
Ke6 73. h7 Bd4 74. d8=Q Bh8 75. Qd3 Ke5 76. Qc3+ Ke4 77. Qxh8 Kd3 78. Qb2 Ke4
79. Qc3 Kf4 80. h8=Q Kf5 81. Qhf6+ Ke4 82. Qfe5# 1-0

[Event "ICS rated blitz match"]
[Site "204.178.125.65"]
[Date "1999.12.18"]
[Round "?"]
[White "Amateur"]
[Black "Hossa"]
[Result "1-0"]
[WhiteElo "2488"]
[BlackElo "2493"]
[PlyCount "99"]

1. Nf3 Nf6 2. c4 g6 3. g3 Bg7 4. Bg2 d5 5. cxd5 Nxd5 6. O-O c5 7. e4 Nb4 8. Nc3
N8c6 9. Na4 b6 10. a3 Nd3 11. Nc3 O-O 12. Rb1 Qd7 13. Qa4 Bb7 14. Qb5 e6 15.
Qa4 Rad8 16. b4 c4 17. Bb2 f5 18. Ng5 Bh6 19. h4 fxe4 20. Ncxe4 Nxb2 21. Rxb2
Bg7 22. Rbb1 h6 23. Nh3 a6 24. Nf4 Qe8 25. h5 gxh5 26. Qd1 Rxf4 27. gxf4 Nd4
28. Rc1 Qf7 29. Rxc4 Bxe4 30. Bxe4 Qxf4 31. d3 Qg5+ 32. Kh1 a5 33. bxa5 bxa5
34. Qe1 Qh4+ 35. Kg2 Qg4+ 36. Kh1 Qh3+ 37. Kg1 Be5 38. f4 Bf6 39. Qd1 Be7 40.
Bg2 Qe3+ 41. Kh1 Bxa3 42. Qxh5 Qxd3 43. Rg1 Kf8 44. Rc7 Be7 45. Qxh6+ Kf7 46.
Bc6 Qh3+ 47. Qxh3 Rh8 48. Qxh8 Nxc6 49. Qg8+ Kf6 50. Qg6# 1-0

[Event "ICS rated bullet match"]
[Site "204.178.125.65"]
[Date "1999.12.18"]
[Round "?"]
[White "Hossa"]
[Black "evbad"]
[Result "1/2-1/2"]
[WhiteElo "2521"]
[BlackElo "2236"]
[PlyCount "219"]

1. e4 e6 2. d4 b6 3. Bd3 Bb7 4. Ne2 c5 5. Nbc3 cxd4 6. Nxd4 Nc6 7. Be3 Nxd4 8.
Bxd4 Ne7 9. O-O Nc6 10. Be3 Be7 11. Qd2 O-O 12. Be2 d6 13. Rad1 Ne5 14. f4 Nd7
15. Nb5 Nc5 16. Bxc5 dxc5 17. Qe3 Qc8 18. Nd6 Bxd6 19. Rxd6 Rd8 20. e5 Rxd6 21.
exd6 Qd7 22. Qd2 Rd8 23. Rd1 Bd5 24. c4 Be4 25. Bh5 g6 26. Bg4 f5 27. Bh3 h5
28. Qe2 Kf7 29. a3 Qc6 30. Qd2 a5 31. b3 Rd7 32. Kh1 Rd8 33. a4 Rd7 34. Kg1 Rd8
35. Kf2 Rd7 36. Kg3 Rd8 37. Kh4 Qd7 38. Qc3 Rc8 39. Kg3 Rc6 40. Qd2 Rc8 41. Kf2
Rc6 42. Kg1 Kg7 43. g3 Kf7 44. Bg2 Bxg2 45. Kxg2 Rc8 46. Qe3 Rc6 47. Qe5 Rc8
48. Kf2 Rd8 49. h4 Re8 50. Ke3 Rd8 51. Rd3 Re8 52. Rd2 Rd8 53. Kf2 Re8 54. Kg1
Rd8 55. Kh2 Re8 56. Rd1 Rd8 57. Rd3 Re8 58. Kg1 Rd8 59. Kf2 Re8 60. Ke1 Rd8 61.
Ke2 Re8 62. Kd2 Rd8 63. Qb2 Re8 64. Ke3 Rd8 65. Kf2 Re8 66. Rd1 Rd8 67. Qe2 Re8
68. Kg1 Rd8 69. Qe5 Re8 70. Kf1 Rd8 71. Ke2 Re8 72. Rd3 Rd8 73. Rd2 Re8 74. Kd3
Rd8 75. Kc3 Re8 76. Rd1 Rd8 77. Kb2 Re8 78. Rd3 Rd8 79. Ka3 Re8 80. Ka2 Rd8 81.
Rd1 Re8 82. Kb2 Rd8 83. Ka3 Re8 84. Rd3 Rd8 85. Rd2 Re8 86. Kb2 Rd8 87. Kc1 Re8
88. Rd3 Rd8 89. Kc2 Re8 90. Kc3 Rd8 91. Qe1 Re8 92. Qe3 Rd8 93. Rd1 Re8 94. Rd2
Rd8 95. Qf3 Re8 96. Qe2 Rd8 97. Rd1 Re8 98. Qe3 Rd8 99. Qf3 Re8 100. Qe3 Rd8
101. Qf3 Re8 102. Qe3 Rd8 103. Qf3 Re8 104. Qe3 Rd8 105. Qf3 Re8 106. Qe3 Rd8
107. Qf3 Re8 108. Qe3 Rd8 109. Qf3 Re8 110. Qe3 1/2-1/2

[Event "ICS rated blitz match"]
[Site "204.178.125.65"]
[Date "1999.12.18"]
[Round "?"]
[White "Hossa"]
[Black "RebelTiger"]
[Result "0-1"]
[WhiteElo "2477"]
[BlackElo "2819"]
[PlyCount "98"]

1. e4 e5 2. Nf3 Nc6 3. Bb5 a6 4. Ba4 Nf6 5. O-O Be7 6. Re1 b5 7. Bb3 d6 8. c3
O-O 9. h3 Na5 10. Bc2 c5 11. d4 Qc7 12. Nbd2 cxd4 13. cxd4 Bb7 14. Nf1 Rac8 15.
Bd3 exd4 16. Nxd4 Nc4 17. Nf5 Rfe8 18. Bxc4 Qxc4 19. Bg5 Qe6 20. f3 Bf8 21. Qd4
d5 22. N1e3 dxe4 23. Bxf6 Bc5 24. Qc3 Qxf5 25. Bd4 Bxd4 26. Qxd4 Qg6 27. Qa7
Bc6 28. fxe4 Rxe4 29. g4 Qh6 30. Qxa6 Rb8 31. Qa7 Rbe8 32. Ng2 Qxh3 33. Rxe4
Bxe4 34. Qf2 Qxg4 35. Re1 b4 36. Qe2 Qg6 37. a3 h6 38. axb4 Re5 39. Qd2 Rd5 40.
Qe2 Bxg2 41. Qe8+ Kh7 42. Kf2 Rf5+ 43. Ke2 Qg4+ 44. Kd2 Qxb4+ 45. Kd1 Qd4+ 46.
Kc2 Qc4+ 47. Kb1 Qd3+ 48. Ka2 Ra5+ 49. Qa4 Rxa4# 0-1

[Event "ICS rated blitz match"]
[Site "204.178.125.65"]
[Date "1999.12.18"]
[Round "?"]
[White "RebelTiger"]
[Black "Hossa"]
[Result "1-0"]
[WhiteElo "2823"]
[BlackElo "2473"]
[PlyCount "107"]

1. e4 e5 2. Nf3 Nc6 3. Bb5 a6 4. Ba4 Nf6 5. O-O Be7 6. Re1 b5 7. Bb3 d6 8. c3
O-O 9. h3 Na5 10. Bc2 c5 11. d4 Qc7 12. Nbd2 cxd4 13. cxd4 Bb7 14. Nf1 Rac8 15.
Re2 Nc6 16. d5 Nb4 17. Bb3 a5 18. Bd2 Na6 19. Rc1 Nc5 20. Ng3 Bd8 21. Be3 Qb6
22. Bc2 Re8 23. Bd3 Re7 24. Rec2 Rec7 25. Nd2 a4 26. b4 axb3 27. Nxb3 Nfd7 28.
Qf1 b4 29. Bb5 Nb8 30. Nf5 Nba6 31. Bc6 Rxc6 32. dxc6 Rxc6 33. Nxd6 Rxd6 34.
Nxc5 Qc6 35. Nxb7 Qxb7 36. Rc8 Qd7 37. Ra8 Nc7 38. Ra7 Rc6 39. Qd1 Rxc1 40.
Qxc1 Qd6 41. Qc5 Qd1+ 42. Kh2 b3 43. axb3 Qxb3 44. Qc6 g6 45. Rxc7 Kg7 46. Rc8
Bh4 47. Qe8 Qxe3 48. Qf8+ Kf6 49. fxe3 Be1 50. Rc7 Kg5 51. Rxf7 Bg3+ 52. Kxg3
h6 53. Qe7+ Kh5 54. Qh4# 1-0

[Event "ICS rated blitz match"]
[Site "204.178.125.65"]
[Date "1999.12.18"]
[Round "?"]
[White "Hossa"]
[Black "RebelTiger"]
[Result "1/2-1/2"]
[WhiteElo "2469"]
[BlackElo "2827"]
[PlyCount "161"]

1. e4 e5 2. Nf3 Nf6 3. Nxe5 d6 4. Nf3 Nxe4 5. c4 Nc6 6. d3 Nf6 7. Be2 d5 8. O-O
Be7 9. Bf4 O-O 10. Nc3 Bd6 11. cxd5 Bxf4 12. dxc6 bxc6 13. Qa4 Qd6 14. Ne4 Nxe4
15. dxe4 Qf6 16. Rab1 Re8 17. Rfd1 Qg6 18. Nh4 Qf6 19. g3 Be5 20. b3 Bb2 21.
Nf3 Be6 22. Ng5 Qxg5 23. Rxb2 Qc5 24. Rbd2 Bh3 25. Bf3 a5 26. Qd4 Qxd4 27. Rxd4
c5 28. Rd5 a4 29. Rxc5 axb3 30. axb3 Rab8 31. Rc3 Be6 32. Rxc7 Bxb3 33. Ra1 Kf8
34. Raa7 Rbc8 35. Kg2 Rxc7 36. Rxc7 Ba2 37. Rc1 Re5 38. h4 Ke7 39. Rc7+ Kf6 40.
g4 Rb5 41. g5+ Ke5 42. Kg3 h6 43. Be2 Rb2 44. gxh6 gxh6 45. Bh5 Kxe4 46. Bxf7
Bxf7 47. Rxf7 Rb5 48. f3+ Kd3 49. f4 Ke4 50. Re7+ Kf5 51. Kf3 Kf6 52. Re4 h5
53. Re3 Rb1 54. Re5 Rb3+ 55. Ke4 Rb4+ 56. Ke3 Rb3+ 57. Kf2 Rb2+ 58. Re2 Rb4 59.
Kf3 Rb3+ 60. Kg2 Kf5 61. Rf2 Rb1 62. Kg3 Rg1+ 63. Rg2 Rxg2+ 64. Kxg2 Kxf4 65.
Kf2 Kg4 66. Ke3 Kxh4 67. Kf3 Kh3 68. Kf2 Kg4 69. Kg2 h4 70. Kh1 Kh3 71. Kg1 Kg3
72. Kh1 h3 73. Kg1 Kf3 74. Kh2 Kg4 75. Kh1 Kg5 76. Kh2 Kh4 77. Kh1 Kg4 78. Kh2
Kh4 79. Kh1 Kg4 80. Kh2 Kh4 81. Kh1 1/2-1/2

[Event "ICS rated standard match"]
[Site "204.178.125.65"]
[Date "1999.12.18"]
[Round "?"]
[White "Hossa"]
[Black "bookbuilder"]
[Result "0-1"]
[WhiteElo "2283"]
[BlackElo "2581"]
[PlyCount "108"]

1. e4 e6 2. d4 d5 3. Nc3 Nf6 4. e5 Nfd7 5. Nce2 Nc6 6. Nf3 Bb4+ 7. c3 Be7 8.
Nf4 Na5 9. b4 Nc4 10. Bxc4 dxc4 11. O-O Nb6 12. a4 a5 13. b5 O-O 14. Ba3 Bxa3
15. Rxa3 Bd7 16. Nd2 f6 17. Qh5 fxe5 18. Qxe5 Rf5 19. Qe4 Qf8 20. Nxe6 Qxa3 21.
Qxf5 Qd6 22. d5 Nxd5 23. Re1 Re8 24. Nxc4 Rxe6 25. Rd1 Qc5 26. Qd3 b6 27. Nd2
c6 28. c4 Nf6 29. Nf1 Qb4 30. Qc2 cxb5 31. cxb5 Re4 32. Qc7 Be8 33. f3 Re2 34.
Qxb6 Qxa4 35. Qd8 Qxb5 36. Ng3 Rc2 37. Re1 Qc5+ 38. Kh1 Rc1 39. Qd2 Rxe1+ 40.
Qxe1 a4 41. Qb1 a3 42. Ne4 Nxe4 43. fxe4 Qb5 44. Qa1 Qb2 45. Qd1 a2 46. g4 Qb1
47. Qxb1 axb1=Q+ 48. Kg2 Qxe4+ 49. Kf2 Bb5 50. Kg3 Qe3+ 51. Kg2 Bc6+ 52. Kf1
Bf3 53. h3 Qe2+ 54. Kg1 Qg2# 0-1

[Event "ICS rated blitz match"]
[Site "204.178.125.65"]
[Date "1999.12.18"]
[Round "?"]
[White "Hossa"]
[Black "RebelTiger"]
[Result "1/2-1/2"]
[WhiteElo "2481"]
[BlackElo "2819"]
[PlyCount "359"]

1. e4 c5 2. Nf3 d6 3. d4 cxd4 4. Nxd4 Nf6 5. Nc3 a6 6. Rg1 b5 7. Nd5 e5 8. Nb3
Nbd7 9. Bg5 h6 10. Bxf6 Nxf6 11. c4 b4 12. Nxf6+ Qxf6 13. Qd5 Rb8 14. Nd2 Qd8
15. Qc6+ Qd7 16. Qxd7+ Bxd7 17. Bd3 Be7 18. Ke2 Bd8 19. Rgd1 Bb6 20. Nf3 Bc6
21. Bc2 Bc5 22. Rd2 a5 23. Rad1 b3 24. axb3 a4 25. bxa4 Rxb2 26. Ne1 Ra2 27.
Bb3 Rxd2+ 28. Rxd2 Bxe4 29. f3 Bb7 30. a5 Ke7 31. Nd3 Bd4 32. Ra2 Rb8 33. Ra3
Ba6 34. Kd2 d5 35. cxd5 e4 36. fxe4 Bxd3 37. Kxd3 Bb2 38. Ra2 Rxb3+ 39. Kc2 Rb5
40. a6 Bd4 41. a7 Bxa7 42. Rxa7+ Kf6 43. Ra4 Ke5 44. g4 Rb6 45. Kd3 Rb3+ 46.
Kc4 Re3 47. Kc5 Rc3+ 48. Rc4 Rh3 49. Rc2 Ra3 50. Re2 Rc3+ 51. Kb5 Rc1 52. h3
Rc3 53. h4 Rg3 54. Rd2 Kd6 55. e5+ Kd7 56. Rf2 Ke8 57. e6 fxe6 58. dxe6 Rxg4
59. Rf7 Rg6 60. Kc4 Rxe6 61. Rxg7 Re4+ 62. Kd3 Rxh4 63. Rg8+ Kf7 64. Rh8 Kg7
65. Re8 h5 66. Re7+ Kg6 67. Re6+ Kf5 68. Rh6 Rh1 69. Ke3 h4 70. Rh5+ Kg4 71.
Rd5 Kg3 72. Rg5+ Kh2 73. Kf3 h3 74. Rh5 Ra1 75. Rh4 Ra3+ 76. Kf2 Ra7 77. Rf4
Kh1 78. Kg3 Ra3+ 79. Kh4 h2 80. Rg4 Ra7 81. Kg3 Ra1 82. Kh3 Ra8 83. Rd4 Ra3+
84. Kh4 Rf3 85. Rg4 Rf7 86. Kg3 Rf1 87. Kh4 Rg1 88. Rc4 Re1 89. Rg4 Re7 90. Kg3
Rc7 91. Rd4 Rc3+ 92. Kh4 Re3 93. Rg4 Re1 94. Rg5 Rg1 95. Rc5 Rf1 96. Rg5 Rf7
97. Kg3 Rd7 98. Re5 Rd3+ 99. Kf2 Rd1 100. Rf5 Rd2+ 101. Kf1 Rb2 102. Rg5 Rc2
103. Rh5 Rc7 104. Rf5 Rb7 105. Rf4 Rb1+ 106. Kf2 Rb2+ 107. Kf1 Rc2 108. Rg4 Ra2
109. Rh4 Rd2 110. Rh3 Rd7 111. Rf3 Rg7 112. Rf2 Rg1+ 113. Ke2 Rg6 114. Kf1 Rg4
115. Rf3 Rg1+ 116. Kf2 Rg2+ 117. Kf1 Rc2 118. Rg3 Ra2 119. Rf3 Ra7 120. Rg3 Rb7
121. Rg4 Rf7+ 122. Ke2 Ra7 123. Kf2 Ra2+ 124. Kf3 Ra3+ 125. Kf2 Ra8 126. Kg3
Kg1 127. Kh3+ Kf2 128. Rf4+ Ke3 129. Rf1 h1=R+ 130. Rxh1 Rh8+ 131. Kg2 Rg8+
132. Kh3 Rg7 133. Rf1 Kd4 134. Rh1 Rh7+ 135. Kg2 Rf7 136. Rg1 Rg7+ 137. Kh2 Ra7
138. Rh1 Ke3 139. Rg1 Kf2 140. Rg2+ Kf3 141. Rd2 Rh7+ 142. Kg1 Rb7 143. Rd1 Ra7
144. Re1 Ra2 145. Rf1+ Ke4 146. Re1+ Kd5 147. Rf1 Ke6 148. Re1+ Kd7 149. Rf1
Kd6 150. Re1 Rb2 151. Rf1 Kd5 152. Re1 Rc2 153. Rf1 Kd4 154. Rd1+ Ke3 155. Re1+
Kf3 156. Rf1+ Ke4 157. Rd1 Rb2 158. Rc1 Kf4 159. Rd1 Kf3 160. Re1 Rg2+ 161. Kh1
Rc2 162. Rf1+ Kg3 163. Rg1+ Kf4 164. Re1 Rb2 165. Rf1+ Ke5 166. Rg1 Kd5 167.
Rf1 Rd2 168. Rg1 Rc2 169. Re1 Kd6 170. Rf1 Ke5 171. Rg1 Ke4 172. Rd1 Kf5 173.
Re1 Kf4 174. Rg1 Rd2 175. Rf1+ Ke4 176. Rg1 Kf5 177. Rc1 Ke5 178. Re1+ Kd4 179.
Rg1 Rc2 180. Re1 1/2-1/2

[Event "ICS rated blitz match"]
[Site "204.178.125.65"]
[Date "1999.12.18"]
[Round "?"]
[White "PostModernist"]
[Black "Hossa"]
[Result "1-0"]
[WhiteElo "2601"]
[BlackElo "2493"]
[PlyCount "153"]

1. c4 e5 2. g3 Nc6 3. Nc3 Nf6 4. Nf3 d5 5. cxd5 Nxd5 6. Bg2 Nxc3 7. bxc3 Bc5 8.
O-O O-O 9. d3 Qd7 10. Qb3 Rd8 11. Qc4 Bf8 12. Ng5 h6 13. Bxc6 bxc6 14. Nf3 Qe8
15. Qe4 Bh3 16. Re1 Bd6 17. Be3 c5 18. Nd2 Rab8 19. Nb3 Qe7 20. Na5 Bd7 21. Nb7
Re8 22. Reb1 Bc8 23. a4 Bh3 24. Rb5 a6 25. Ra5 Qe6 26. Nxc5 Qa2 27. Rc1 Qxe2
28. Nxa6 Rb3 29. Qc6 Rc8 30. Rb5 Rxb5 31. axb5 Ba3 32. Rb1 Qxd3 33. Re1 Bd7 34.
Qb7 Qxc3 35. Rd1 Bg4 36. Kg2 c6 37. h3 Bf5 38. g4 Be6 39. Nc7 cxb5 40. Nxe6
fxe6 41. Qxb5 Rf8 42. Qa6 Qc2 43. Qxe6+ Kh8 44. Rd7 Bb2 45. Kg1 Qb1+ 46. Kh2
Qf1 47. Qd5 Bc3 48. Bc5 Rg8 49. Qf7 e4 50. Re7 Qe2 51. Qf5 Qf1 52. Qxe4 Bd2 53.
Bd4 Bg5 54. Rf7 Qa6 55. Bxg7+ Rxg7 56. Rf8+ Rg8 57. Qe5+ Bf6 58. Rxf6 Qxf6 59.
Qxf6+ Kh7 60. Kg3 Rg7 61. Qf5+ Kh8 62. Kh4 Rg5 63. Qxg5 hxg5+ 64. Kxg5 Kg7 65.
Kf5 Kf8 66. Kf6 Ke8 67. g5 Kd7 68. g6 Kd8 69. g7 Kc7 70. g8=Q Kb6 71. Qc4 Kb7
72. Qb5+ Kc8 73. Qb6 Kd7 74. h4 Kc8 75. Qa7 Kd8 76. Qb7 Ke8 77. Qe7# 1-0

[Event "ICS rated blitz match"]
[Site "204.178.125.65"]
[Date "1999.12.18"]
[Round "?"]
[White "Skeletor"]
[Black "Hossa"]
[Result "1-0"]
[WhiteElo "2580"]
[BlackElo "2482"]
[PlyCount "127"]

1. d4 d5 2. c4 e6 3. Nc3 Nf6 4. Bg5 Be7 5. e3 Nbd7 6. Nf3 O-O 7. Rc1 h6 8. Bxf6
Nxf6 9. Bd3 b6 10. O-O dxc4 11. Bxc4 Bb7 12. Ne5 c5 13. Qe2 cxd4 14. Rfd1 Rc8
15. Nb5 Bd6 16. Rxd4 Bd5 17. Nd3 Bxc4 18. Rdxc4 Rxc4 19. Rxc4 Qd7 20. a4 Rd8
21. f4 a6 22. Nxd6 Qxd6 23. Rd4 Qc7 24. Rxd8+ Qxd8 25. Ne5 Qc7 26. g4 Qc1+ 27.
Kg2 Nd5 28. Kf2 f6 29. Nf3 Qa1 30. b3 Qc3 31. Nd2 Kh7 32. Kf3 g5 33. fxg5 hxg5
34. Kf2 Qc2 35. Kg2 Nb4 36. e4 Nd3 37. Qe3 b5 38. axb5 axb5 39. Kf3 Kg6 40. Ke2
Nf4+ 41. Kf2 Qd1 42. Kg3 b4 43. e5 Qh1 44. Qe4+ Qxe4 45. Nxe4 fxe5 46. Kf3 Nd5
47. Ke2 Nc7 48. Kd3 Nb5 49. Kc4 Nd4 50. Kxb4 Nf3 51. h3 Ng1 52. Kc5 Nxh3 53. b4
Kf7 54. b5 Ke7 55. Kc6 Nf2 56. Nxf2 Kf6 57. Ne4+ Kf7 58. b6 Kg6 59. b7 Kg7 60.
b8=Q Kf7 61. Qh8 Kg6 62. Qg8+ Kh6 63. Nxg5 e4 64. Nf7# 1-0